Vplyv niektorých makroekonomických problémov na podnik
Slovensko vstupom do EÚ bude musieť znižovať mieru inflácie na úroveň priemeru EÚ, ak chce uvažovať o vstupe do EMU. Príspevok je zameraný na tri hlavné oblasti vplyvu inflácie na podnik a to vplyv na podnikové ceny vstupov a výstupov, znehodnocovanie pohľadávok a ovplyvňovanie investičného rozhodov...
Uložené v:
| Hlavný autor: | |
|---|---|
| Médium: | Kapitola |
| Jazyk: | Slovak |
| Predmet: | |
| Tagy: |
Žiadne tagy, Buďte prvý, kto otaguje tento záznam!
|
MARC
| LEADER | 00000naa$a2200000$$$4500 | ||
|---|---|---|---|
| 001 | 0022988 | ||
| 005 | 20240502071416.1 | ||
| 041 | 0 | |a slo | |
| 044 | |a SK | ||
| 245 | 1 | 0 | |a Vplyv niektorých makroekonomických problémov na podnik |c Rozália Pétrová |
| 520 | |a Slovensko vstupom do EÚ bude musieť znižovať mieru inflácie na úroveň priemeru EÚ, ak chce uvažovať o vstupe do EMU. Príspevok je zameraný na tri hlavné oblasti vplyvu inflácie na podnik a to vplyv na podnikové ceny vstupov a výstupov, znehodnocovanie pohľadávok a ovplyvňovanie investičného rozhodovania. | ||
| 610 | 2 | 0 | |a podnik |
| 610 | 2 | 0 | |a inflácia |
| 610 | 2 | 0 | |a inflácia dopytu |
| 610 | 2 | 0 | |a inflácia ponuky |
| 610 | 2 | 0 | |a ceny vstupné |
| 610 | 2 | 0 | |a ceny |
| 610 | 2 | 0 | |a výstupy |
| 610 | 2 | 0 | |a pohľadávky |
| 100 | 1 | |a Pétrová, Rozália | |